| 000 | 02116aab a2200493 a 4500 | ||
|---|---|---|---|
| 003 | AR-RoUNA | ||
| 008 | 140529||||||||||||||||| |||| 0|||| d | ||
| 022 | _a0210-2080 | ||
| 040 |
_aAR-RoUNA _bspa |
||
| 041 | _aspa | ||
| 044 | _asp | ||
| 080 | _a72.036 | ||
| 092 | _lLL792 | ||
| 245 |
_aOn Diseño _nNº 162 |
||
| 260 |
_aBarcelona : _bOn Diseño, _c1998 |
||
| 300 |
_a178 p. : _bplanos _bplantas _bfot. col. _c29x24 cm |
||
| 505 | 0 | _tKING/ MIRANDA | |
| 505 | 0 | _aKing / Miranda/ Trabajos recientes. p 78 | |
| 505 | 0 | _aKing / Miranda/ La Caracola, la fundición y la esposa. p.80 | |
| 505 | 0 | _aKing /Miranda / Electrodomésticos para Olimpia / Splendid. p. 82 | |
| 505 | 0 | _aKing / Miranda / Estructura expositiva Palo Alto. p. 94 | |
| 505 | 0 | _aKing /Miranda / Los interiores del diseño. p.102 | |
| 505 | 0 | _tTRES ZAPATERIAS Y UNA RELOJERÍA | |
| 505 | 0 | _aYbarguengoitia Manuel/ Zapatería Taltavull. (Barcelona). p. 116 | |
| 505 | 0 | _aSalas Fernando / Tienda de botas en Barcelona. p. 124 | |
| 505 | 0 | _aYbarguengoitia Manuel/ Zapaterías Casas. (Barcelona). p. 130 | |
| 505 | 0 | _aEspinas Julia y Tarrasó Olga / Relojería en Barcelona. p. 136 | |
| 505 | 0 | _tOBRA RECIENTE DEL ESTUDIO ESPINET / UBACH | |
| 505 | 0 | _aTendenciosidad y heterodoxia: la potencia del gesto proyectual. p. 142 | |
| 505 | 0 | _aEspinet -Ubach/ Nueva sede de la escuela EINA. (Barcelona). p. 146 | |
| 505 | 0 | _aEspinet -Ubach/ Propuesta de ordenación de puerto deportivo en Melilla. p. 158 | |
| 505 | 0 | _aEspinet -Ubach/ Construcción auxiliar en Pacs del Penedes. p. 164 | |
| 505 | 0 | _aEspinet -Ubach/ Restaurante cafetería del Museo Olímpico de Lausanne. (Suiza). p. 170 | |
| 505 | 0 | _aEspinet -Ubach/ Escuela en Santa Coloma de Gramanet. p. 178 | |
| 650 | 4 |
_aArquitectura contemporanea _912617 |
|
| 650 | 4 |
_aDiseño _93694 |
|
| 700 | 1 |
_aLlopis, Carme _edrt _912618 |
|
| 773 |
_aOn Diseño _dBarcelona, AramEdiciones S.A, _g162- ( 1995 ). p.154 _x0210-2080 |
||
| 908 | _aImp | ||
| 930 | _e6171 | ||
| 942 |
_2udc _cART |
||
| 945 |
_aMBP _d2019-02-19 |
||
| 980 |
_61 _aMaricel Allasia _81 _gMaricel Allasia |
||
| 999 |
_c12147 _d12147 |
||